| 000 | 01108nam a22003137a 4500 | ||
|---|---|---|---|
| 001 | 710506 | ||
| 003 | OSt | ||
| 005 | 20211029025055.0 | ||
| 008 | 170208b xxu||||| |||| 00| 0 eng d | ||
| 010 | _a 97039758 | ||
| 020 | _a0721689973 | ||
| 040 |
_aMMU _cMMU _dMMU _beng |
||
| 050 | 0 | 0 |
_aRM301 _b.L523 2001 |
| 100 | 1 |
_aLehne, Richard A., _d1943- |
|
| 245 | 1 | 0 |
_aPharmacology for nursing care / _cRichard A. Lehne ; in consultation with Linda A. Moore, Leanna J. Crosby, Diane B. Hamilton. |
| 250 | _a4th ed. | ||
| 260 |
_aPhiladelphia : _bSaunders, _cc1998. |
||
| 300 |
_axxx, 1283 p. : _bill. ; _c29 cm. + _e1 computer disk (3 1/2 in.) |
||
| 500 | _aIncludes index. | ||
| 538 | _aSystem requirements for computer disk: IBM PC; DOS; an ASCII C compiler; high-density floppy disk drive and hard disk. | ||
| 650 | 0 | _aPharmacology. | |
| 650 | 0 | _aNursing. | |
| 650 | 1 | 2 |
_aPharmacology _xnurses' instruction. |
| 650 | 2 | 2 |
_aDrug Therapy _xnurses' instruction. |
| 700 | 1 | _aMoore, Linda A. | |
| 700 | 1 | _aCrosby, Leanna J. | |
| 700 | 1 |
_aHamilton, Diane B. _q(Diane Bronkema) |
|
| 942 |
_2lcc _cLOAN LOAN |
||
| 999 |
_c22271 _d22271 |
||